00541 2200193 4500001002100000005001500021035002000036245008600056100002500142250000600167300003300173260003100206082001100237084001700248020001800265650003000283990001700313990001700330INLIS00000000000039220181013110120 a0010-10180000821 aNabi Muhammad SAW Rasul Kesayangan Kita 11 :bKuda Suraqa /cEko Marsudiono, S.Pd0 aEko Marsudiono, S.Pd a- a24 hlm. :bilus. ;c27,5 cm. aBogor :bYudhistira,c2004 a297.63 a297.63 EKO n a979-746-011-8 aSejarah Nabi Muhammad SAW a01511/P/2018 a01512/P/2018